| 000 | 00412nam a2200133Ia 4500 | ||
|---|---|---|---|
| 001 | 3137 | ||
| 008 | 241024s9999 xx 000 0 und d | ||
| 082 | _aRD/370.97293/R426r/645-12 | ||
| 100 | _aRepública Dominicana.Ministerio de Educación | ||
| 245 | 0 | _aReglamento Orgánico del Ministerio de Educación | |
| 260 |
_bSanto Domingo,República Dominicana _c2013 |
||
| 901 | _a22/8/2013 1:09:45 p.m. | ||
| 999 |
_c8971 _d8971 |
||